Business basics for dentists / (Record no. 22207)
[ view plain ]
| 000 -LEADER | |
|---|---|
| fixed length control field | 01400cam a22003255a 4500 |
| 001 - CONTROL NUMBER | |
| control field | 17547078 |
| 005 - DATE AND TIME OF LATEST TRANSACTION | |
| control field | 20160823142114.0 |
| 008 - FIXED-LENGTH DATA ELEMENTS--GENERAL INFORMATION | |
| fixed length control field | 121130s2013 enka fr 001 0 eng d |
| 010 ## - LIBRARY OF CONGRESS CONTROL NUMBER | |
| LC control number | 2012047812 |
| 020 ## - INTERNATIONAL STANDARD BOOK NUMBER | |
| International Standard Book Number | 9781118266069 |
| 020 ## - INTERNATIONAL STANDARD BOOK NUMBER | |
| International Standard Book Number | 1118266064 |
| 035 ## - SYSTEM CONTROL NUMBER | |
| System control number | (DNLM)101596915 |
| 040 ## - CATALOGING SOURCE | |
| Original cataloging agency | DNLM/DLC |
| Language of cataloging | eng |
| Transcribing agency | DLC |
| Modifying agency | EG-ScBUE |
| 042 ## - AUTHENTICATION CODE | |
| Authentication code | pcc |
| 082 04 - DEWEY DECIMAL CLASSIFICATION NUMBER | |
| Edition number | 22 |
| Classification number | 617.0068 |
| Item number | WIL |
| 100 1# - MAIN ENTRY--PERSONAL NAME | |
| Personal name | Willis, David O. |
| 9 (RLIN) | 40819 |
| 245 10 - TITLE STATEMENT | |
| Title | Business basics for dentists / |
| Statement of responsibility, etc | David O. Willis. |
| 260 ## - PUBLICATION, DISTRIBUTION, ETC. (IMPRINT) | |
| Place of publication, distribution, etc | West Sussex : |
| Name of publisher, distributor, etc | Wiley-Blackwell, |
| Date of publication, distribution, etc | 2013. |
| 300 ## - PHYSICAL DESCRIPTION | |
| Extent | ix, 422 p. : |
| Other physical details | ill. ; |
| Dimensions | 28 cm. |
| 500 ## - GENERAL NOTE | |
| General note | Index : p. 419-422. |
| 505 ## - FORMATTED CONTENTS NOTE | |
| Formatted contents note | Personal financial management -- Business foundations -- Dental office success factors -- Practice transitions. |
| 520 ## - SUMMARY, ETC. | |
| Summary, etc | Written by practicing dentist who is also an M.B.A. and certified financial planner * Applies core business principles to the specifics of dental practice * Web site includes handouts, checklists, forms, etc. |
| 650 #7 - SUBJECT ADDED ENTRY--TOPICAL TERM | |
| Topical term or geographic name as entry element | Dentistry |
| 9 (RLIN) | 40820 |
| General subdivision | Practice. |
| 650 #7 - SUBJECT ADDED ENTRY--TOPICAL TERM | |
| Topical term or geographic name as entry element | Dentistry |
| 9 (RLIN) | 40822 |
| General subdivision | Practice |
| -- | Finance. |
| 650 #7 - SUBJECT ADDED ENTRY--TOPICAL TERM | |
| Topical term or geographic name as entry element | Dental offices |
| 9 (RLIN) | 40821 |
| General subdivision | Management. |
| 651 ## - SUBJECT ADDED ENTRY--GEOGRAPHIC NAME | |
| Source of heading or term | BUEsh |
| 653 ## - INDEX TERM--UNCONTROLLED | |
| Resource For college | |
| Arrived date list | August 2016 |
| 856 ## - ELECTRONIC LOCATION AND ACCESS | |
| Uniform Resource Identifier | <a href="http://www.wiley.com//legacy/wileychi/willis/">http://www.wiley.com//legacy/wileychi/willis/</a> |
| Link text | A companion website |
| Public note | The website includes; handouts, cheklists and forms that can be used in the classroom setting |
| 942 ## - ADDED ENTRY ELEMENTS (KOHA) | |
| Source of classification or shelving scheme | Dewey Decimal Classification |
| Edition | 22 |
| Call number prefix | 617.0068 WIL |
| Withdrawn status | Item status | Source of classification or shelving scheme | Damaged status | Not for loan | Vendor | Home library | Current library | Shelving location | Date acquired | Source of acquisition | Cost, normal purchase price | Serial Enumeration / chronology | Total Checkouts | Total Renewals | Full call number | Barcode | Date last seen | Date last borrowed | Cost, replacement price | Koha item type |
|---|---|---|---|---|---|---|---|---|---|---|---|---|---|---|---|---|---|---|---|---|
| Dewey Decimal Classification | Academic Bookshop | Central Library | Central Library | First floor | 23/08/2016 | Purchase | 384.00 | 9126 | 3 | 95 | 617.0068 WIL | 000033171 | 15/07/2025 | 01/06/2023 | 480.00 | Book - Borrowing |